000
00326nam a2200145Ia 4500
008
191201s2002 xx 000 0 und d
082
_a
658.15
_b
HIM
100
_a
HIRSCHEY, Mork
245
0
_a
Managerial Economics
250
_a
10th
260
_a
N.Delhi
_b
Thomson
_c
2002
300
_a
496
650
_a
MBA
942
_2
ddc
_c
BK
999
_c
3098
_d
3098